Tea.
| Main Author: | |
|---|---|
| Format: | Book |
| Published: |
Kent:
Grange Books,
1999.
|
| Subjects: |
| LEADER | 00349cam a2200145 7i4500 | ||
|---|---|---|---|
| 001 | 0000007923 | ||
| 005 | 20000725090000.0 | ||
| 020 | 0 | 0 | |a 1840132361 |
| 090 | 0 | 0 | |a P 641.3372 |b PET |
| 100 | 1 | 0 | |a Pettingrew |
| 245 | 1 | 0 | |a Tea. |
| 260 | 0 | 0 | |a Kent: |b Grange Books, |c 1999. |
| 300 | # | # | |a 96 p. |
| 650 | 0 | 0 | |a Tea |
| 999 | |a B000011063 |b Book |c Products |e Business Information Centre | ||


